Statistics for Biggest Cities of British Massachusetts in 1765 with a Map

Click here to take the quiz!

General Stats

  • This quiz has been taken 162 times
  • The average score is 11 of 31

Answers on the Map

Answers color-coded by a green-red scale on the quiz's map according to % correct below.
 

Answer Stats

PopulationCities% Correct
15,520Boston
99%
4,469Salem
70%
2,755Springfield
68%
3,526Sherburne
67%
2,246Plymouth
65%
2,208Lynn
54%
3,772Gloucester
51%
2,138Barnstable
42%
2,960Newbury
42%
2,744Taunton
40%
2,882Newburyport
39%
2,298York
38%
4,954Marblehead
35%
2,445Braintree
31%
3,770Ipswich
28%
2,151Danvers
27%
2,048Charlestown
26%
2,171Beverly
25%
2,368Kittery
25%
2,462Andover
24%
4,581Dartmouth
24%
2,501Scituate
24%
2,506Hingham
22%
3,990Bridgewater
21%
3,438Middleborough
21%
3,783Falmouth
20%
2,374Berwick
19%
2,030Wrentham
18%
2,340Stoughton
14%
3,696Rehoboth
13%
2,137Sutton
11%

Score Distribution

Percentile by Number Answered

Percent of People with Each Score

Your Score History

You have not taken this quiz